| 000 | 00573nam a2200205 a 4500 | ||
|---|---|---|---|
| 005 | 20240315063708.0 | ||
| 008 | 060329s2004 000 eng d | ||
| 020 | _a9506024782 | ||
| 035 | _aUPN01000144723 | ||
| 049 | _aCG | ||
| 050 | 4 |
_aJA71 _bF5.3 |
|
| 100 | 1 | _aFistetti, Francesco | |
| 245 | 1 | 0 |
_aComunidad : _bléxico de política / _cFrancesco Fistetti. |
| 260 |
_aBuenos Aires : _bNueva Visión, _cc2004. |
||
| 300 | _a182 p. | ||
| 440 | 0 | _aClaves | |
| 534 |
_pTraducción de: _tComunitá |
||
| 650 | 4 |
_aCiencias políticas _xFilosofía _98065 |
|
| 905 | _aLibro | ||
| 999 |
_c116870 _d116870 |
||